000 01963nam0a2200373 4500
001 RU\NLR\BIBL_A\022313079
005 20260420014133.0
010 _a978-5-17-165230-2
_92000
021 _aRU
_bКН-П-24-042676
_9КН-П-24-4246
035 _a(NLR Aleph) 022313079
090 _a13664405
_c13664405
100 _a20240904d2024 u y0rusy50 ca
101 1 _arus
_cita
102 _aRU
105 _aacf z 000zy
181 0 _ai3
_baxxe
182 0 _an
200 1 _aГосударь
_eс комментариями и иллюстрациями
_e[сборник]
_fНикколо Макиавелли
_gсоставление, предисловие, преамбулы к текстам, комментарии Эльвиры Вашкевич
_gперевод с итальянского Галины Муравьевой
203 _aТекст
_bвизуальный
_cнепосредственный
210 _aМосква
_cАСТ
_d2024
215 _a253, [3] с., [2] вкл. л. цв. ил., портр.
_cил., портр.
_d21
225 1 _aПопулярная философия с иллюстрациями
327 1 _aСодерж.: Государь; О военном искусстве (кн.. 1, 4, 7)
333 _a12+
604 _1700#1$aМакиавелли$bН.$gНикколо$f1469 - 1527
_1500##$a"Государь"$jКомментарии$2nlr_sh1$2nlr_sh2$3RU\NLR\AUTH\661285572
_3RU\NLR\AUTH\661285572
_aМакиавелли, Никколо (1469 - 1527)
_t"Государь"
_jКомментарии
_92130928
686 1 _aЮ3(4Ит)43-407.1-0
686 1 _aХ1(4Ит)403
686 1 _aШ5(4Ит)43-4Макиавелли534
700 1 _7ca
_8rus
_aМакиавелли
_bН.
_f1469-1527
_gНикколо
_9117570
_3RU\NLR\AUTH\777637
702 1 _aВашкевич
_bЭ.
_gЭльвира
_4220
942 _cBOOK
980 _aNB